000 00613nam a2200229Ia 4500
003 OSt
005 20221007071806.0
006 a|||||r|||| 00| 0
007 ta
008 221006b |||||||| |||| 00| 0 eng d
024 _a26,081
037 _cTextual
040 _aFLL
_cFLL
_beng
041 _2eng
_aeng
082 _aZ3:8, H8
100 _aSlesser Sir Henry
_9689434
245 0 _aAdministration of the law
260 _aLondon
_bHutchinson's University Library London
_c1948
300 _a1-144p
_ccm.
942 _hZ3:8, H8
_cTEXL
_2CC
999 _c1144336
_d1144336